YOGSCAST Members - Statistics

General Stats
  • This quiz has been taken 203 times
    124 since last reset
  • The average score is 9 of 13
Answer Stats
Answer % Correct
YOGSCAST Lewis and Simon
100%
YOGSCAST Duncan
96%
YOGSCAST Sjin
94%
YOGSCAST Sips
90%
YOGSCAST Hannah
85%
YOGSCAST Kim
75%
YOGSCAT Rythian
72%
YOGSCAST Zoey
65%
HatFilms
59%
YOGSCAST Zylus
56%
YOGSCAST Martyn
51%
YOGSCAST Strippin
36%
Caff
17%
No matching quizzes found
Score Distribution
Percent of People with Each Score
Percentile by Number Answered
Your Score History
You have not taken this quiz since the last reset